| 000 | 00000nam 2200000zi 4500 |
| 001 | 9.928596 |
| 003 | CaOODSP |
| 005 | 20240703102707 |
| 006 | m o d f |
| 007 | cr |n||||||||| |
| 008 | 231012s2023 onc ob f|0| 0 eng d |
| 040 | |aCaOODSP|beng|erda|cCaOODSP |
| 043 | |an-cn--- |
| 086 | 1 |aA104-391/2023E-PDF |
| 245 | 00|aPerchlorate in dairy products and infant formula - April 1, 2020 to March 31, 2021 : |bfood chemistry - targeted surveys - final report. |
| 264 | 1|a[Ottawa] : |bCanadian Food Inspection Agency = Agence canadienne d'inspection des aliments, |c[2023] |
| 300 | |a1 online resource (8 pages) |
| 336 | |atext|btxt|2rdacontent |
| 337 | |acomputer|bc|2rdamedia |
| 338 | |aonline resource|bcr|2rdacarrier |
| 500 | |aIssued also in French under title: Le perchlorate dans les produits laitiers et les préparations pour nourrissons - 1 avril 2020 au 31 mars 2021 : chimie alimentaire – études ciblées – rapport final. |
| 504 | |aIncludes bibliographical references (page 8). |
| 650 | 0|aPerchlorates|zCanada. |
| 650 | 0|aDairy products|xContamination|zCanada. |
| 650 | 0|aInfant formulas|xContamination|zCanada. |
| 710 | 2 |aCanadian Food Inspection Agency, |eissuing body. |
| 775 | 08|tLe perchlorate dans les produits laitiers et les préparations pour nourrissons - 1 avril 2020 au 31 mars 2021 : |w(CaOODSP)9.928597 |
| 856 | 40|qPDF|s771 KB|uhttps://publications.gc.ca/collections/collection_2023/acia-cfia/A104-391-2023-eng.pdf |
| 856 | 41|qHTML|sN/A|uhttps://inspection.canada.ca/food-safety-for-industry/food-chemistry-and-microbiology/food-safety-testing-reports-and-journal-articles/perchlorate-in-dairy-products-and-infant-formula-2/eng/1683659201717/1683659202170 |